Estadísticas para Las 7 Maravillas del Mundo Antiguo con imágenes

Haz click aquí para intentar la prueba.

Estadísticas generales

  • Esta prueba ha sido intentada 34 veces
  • La puntuación promedio es 4 de 7

Estadísticas de respuestas

Respuesta% Correcto
Jardines Colgantes de Babilonia
93%
Coloso de Rodas
71%
El Faro de Alejandría
61%
Estatua de Zeus en Olimpia
54%
Gran Pirámide de Giza
46%
Mausoleo de Halicarnaso
25%
Templo de Artemisa en Éfeso
14%

Distribución de puntuación

Porcentaje por número respondido

Porcentaje de gente con cada puntuación

Historial de tus puntuaciones

No has intentado esta prueba.